Intercultural education: reminiscences of U.S International University ( Vol-1 ) / (Record no. 176875)
[ view plain ]
| 000 -LEADER | |
|---|---|
| fixed length control field | 00622 a2200169 4500 |
| 003 - CONTROL NUMBER IDENTIFIER | |
| control field | NUST |
| 005 - DATE AND TIME OF LATEST TRANSACTION | |
| control field | 20230102160103.0 |
| 020 ## - INTERNATIONAL STANDARD BOOK NUMBER | |
| International Standard Book Number | 0975586009 |
| 040 ## - CATALOGING SOURCE | |
| Transcribing agency | Nust |
| 082 ## - DEWEY DECIMAL CLASSIFICATION NUMBER | |
| Classification number | 370.196,DIL |
| 100 ## - MAIN ENTRY--PERSONAL NAME | |
| Personal name | Dil, Anwar |
| 9 (RLIN) | 6677 |
| 245 ## - TITLE STATEMENT | |
| Title | Intercultural education: reminiscences of U.S International University ( Vol-1 ) / |
| Statement of responsibility, etc. | Anwar Dil |
| 260 ## - PUBLICATION, DISTRIBUTION, ETC. | |
| Place of publication, distribution, etc. | Islamabad |
| Name of publisher, distributor, etc. | intercultural Forum |
| Date of publication, distribution, etc. | 2004 |
| 300 ## - PHYSICAL DESCRIPTION | |
| Extent | 432 p.; |
| 505 ## - FORMATTED CONTENTS NOTE | |
| Formatted contents note | Part-1: US Int'l university (Page-55), Part-2: reminiscences USIU alumni (Page-89), Part-3: U.S International University (Page-207), Part-4: Special sections (page-349). |
| 942 ## - ADDED ENTRY ELEMENTS (KOHA) | |
| Source of classification or shelving scheme | |
| Koha item type | Book |
| Call number prefix | 370.196,DIL |
| Withdrawn status | Lost status | Source of classification or shelving scheme | Damaged status | Not for loan | Permanent Location | Current Location | Shelving location | Date acquired | Full call number | Barcode | Date last seen | Price effective from | Koha item type | Public note |
|---|---|---|---|---|---|---|---|---|---|---|---|---|---|---|
| Military College of Signals (MCS) | Military College of Signals (MCS) | General Stacks | 12/12/2016 | 370.196,DIL | MCS33788 | 12/08/2016 | 12/12/2016 | Book | Almirah No.54, Shelf No.1 |
